000 00762nam a2200265Ia 4500
001 dia_1505
003 CHAP
005 20240612120758.0
008 220117s1971 xx 000 0 und d
010 _a172047
040 _cCHAP
082 _a621.3 C2
100 _aChipman, Robert A.
_9150888
245 _aTeoría y Problemas de Lineas de Transmisión /
_c por Robert A. Chipman
260 _aMéxico. Mcgraw-Hill
_c1971
300 _a257 p.
400 _aSERIE DE COMPENDIOS SHAUM
650 _a1.Electricidad/
650 _aElectricidad
_xtransmisión
_9150890
650 _aIngeniería eléctrica/
_958223
901 _a621.3 C2
902 _aM
905 _a0000001971 MEXA 0000000000ESP00
942 _cLIBRO
_2ddc
999 _c172047
_d172047